000 00311nam a22001457a 4500
008 210512b ||||| |||| 00| 0 eng d
020 _a9780138203580
041 _aeng
080 _23rd
_a316
082 _a316
100 _a50
101 _aSOC
245 _aSociology
_cJohn J. Macionis
942 _2udc
_cBK
999 _c57272
_d57272